NATURAL HAZARDS & DISASTER MANAGEMENT (Record no. 18412)
[ view plain ]
| 000 -LEADER | |
|---|---|
| fixed length control field | 00349nam a22001457a 4500 |
| 003 - CONTROL NUMBER IDENTIFIER | |
| control field | SGT |
| 020 ## - INTERNATIONAL STANDARD BOOK NUMBER | |
| International Standard Book Number | 9788131600337 |
| 082 ## - DEWEY DECIMAL CLASSIFICATION NUMBER | |
| Classification number | 628.92,SIN |
| 100 ## - MAIN ENTRY--PERSONAL NAME | |
| Personal name | SINGH,R.B. |
| 245 ## - TITLE STATEMENT | |
| Title | NATURAL HAZARDS & DISASTER MANAGEMENT |
| 260 ## - PUBLICATION, DISTRIBUTION, ETC. (IMPRINT) | |
| Place of publication, distribution, etc | NEW DELHI |
| Name of publisher, distributor, etc | RAWAT PUBLICATIONS |
| Year of Publication | 2018 |
| 300 ## - PAGE DESCRIPTION | |
| No. of Pages | 352 |
| 650 ## - SUBJECT ADDED ENTRY--TOPICAL TERM | |
| Topical term or geographic name as entry element | DISASTER MANAGEMENT |
| 942 ## - ADDED ENTRY ELEMENTS (KOHA) | |
| Source of classification or shelving scheme | Dewey Decimal Classification |
| Koha item type | Books |
| 942 ## - ADDED ENTRY ELEMENTS (KOHA) | |
| -- | 23 |
| Withdrawn status | Lost status | Source of classification or shelving scheme | Damaged status | Not for loan | Collection code | Home library | Current library | Shelving location | Date acquired | Vendor Name | Cost, normal purchase price | SGTU | Bill Number | Total Checkouts | Full call number | Accession No. (Barcode) | Date last seen | Date last borrowed | Bill Date | Koha item type |
|---|---|---|---|---|---|---|---|---|---|---|---|---|---|---|---|---|---|---|---|---|
| Dewey Decimal Classification | ENGINEERING | SGT Engineering Library | SGT Engineering Library | On Display | 26/06/2019 | KITI PRAKASHAN | 1100.00 | SGTU | IN3775 | 5 | 628.92,SIN | FE7529 | 05/04/2024 | 05/04/2024 | 02/05/2019 | Books | ||||
| Dewey Decimal Classification | ENGINEERING | SGT Engineering Library | SGT Engineering Library | On Display | 26/06/2019 | KITI PRAKASHAN | 1100.00 | SGTU | IN3775 | 628.92,SIN | FE7530 | 26/06/2019 | 02/05/2019 | Books | ||||||
| Dewey Decimal Classification | ENGINEERING | SGT Engineering Library | SGT Engineering Library | On Display | 26/06/2019 | KITI PRAKASHAN | 1100.00 | SGTU | IN3775 | 9 | 628.92,SIN | FE7531 | 22/04/2025 | 22/04/2025 | 02/05/2019 | Books | ||||
| Dewey Decimal Classification | ENGINEERING | SGT Engineering Library | SGT Engineering Library | On Display | 26/06/2019 | KITI PRAKASHAN | 1100.00 | SGTU | IN3775 | 5 | 628.92,SIN | FE7532 | 28/05/2024 | 28/05/2024 | 02/05/2019 | Books | ||||
| Dewey Decimal Classification | ENGINEERING | SGT Engineering Library | SGT Engineering Library | On Display | 26/06/2019 | KITI PRAKASHAN | 1100.00 | SGTU | IN3775 | 5 | 628.92,SIN | FE7533 | 03/06/2024 | 03/06/2024 | 02/05/2019 | Books |